000 00655nas a2200229 4500
001 BR7806010
003 BR-BrBNA
005 20231205083526.0
007 ta
008 230509b bl.|||p| |||| 00| 00por d
040 _aBR-BrBNA
_bpor
_cBiblioteca Nacional de Agricultura
041 _a(Pt)
072 _aK50
100 1 _aSamlaic, J.
245 1 _aSecar melhor madeira serrada
650 _aSECAGEM ARTIFICIAL
650 _aMADEIRA SERRADA
650 _aINDUSTRIA FLORESTAL
773 0 _tRevista da Madeira (Brazil)
_xISSN 0034-7582
_g(Jul 1978), v. 27(319) p. 24-26
_wBR7806010
909 _a202311
_bLúcia
_c55
_dLúcia Elande
942 _2AGRIS
_n0
_cANA
999 _c99400
_d99400